Симоненко Григория

Доступно только в Электронных читальных залах Найти на картеНа карте
RUSMARC
00003811nac2a22002771x 450
001ed706dfe-5cb4-4282-9772-07b7a7387526
00520140110044957.0
100##$a20130529l18701873k y0rusy50 ca
1010#$arus
102##$aRU
105##$ay z |||||
1222#$ad18700205
$ad18730215
2001#$aСимоненко Григория
$j5 февраля 1870 - 15 февраля 1873
215##$a8 листов
251##$cДело
300##$aЗаголовок дела на папке: Письма Симоненко Г. Кони А. Ф.
300##$aТекст рукописный
330##$aПереписка А. Ф. Кони; Письма к А. Ф. Кони
461#0$10013a54f2e3-e9cf-409b-80fa-f0a9bd3c40cb
$12001
$aКони Анатолий Федорович, юрист, литератор, член академии наук, председатель Санкт-Петербургского окружного суда, член государственного совета
$1251
$cФонд
$1852
$j564
462#0$100178a475cd-a47d-4377-bff3-cee4b81de655
$12001
$aОпись дел фонда А. Ф. Кони за 1880-1931 гг.
$1251
$cОпись
$1852
$j1
517##$aПисьма Симоненко Г. Кони А. Ф.
600#1$aКони
$bА. Ф.
$f1844-1927
$gАнатолий Федорович
600#1$aСимоненко
$bГ.
$gГригорий
801#0$aRU
$bGA_RF
801#1$aRU
$bНПО Опыт
$c20130529
$2rusmarc
801#2$aRU
$bПБ им. Б.Н. Ельцина
$c20140110
$gRCR
$2rusmarc
852##$aГА РФ
$j3185
937##$d42664923
$hПБ
035##$aRuPRLIB51004459
Формат отображения